669 pt 2 #2 (Ashe 22) - Statistiques

Statistiques générales
  • Ce quiz a été pris 2 fois
  • Le résultat moyen est 77 sur 77
Statistiques - réponses
Hint Réponse % Correct
****
100%
1-2-3-4
100%
2-2
100%
55 %
100%
6-7
100%
à
100%
Ashe
100%
Avec
100%
brr
100%
C
100%
ça
100%
ça
100%
Ca
100%
Cali
100%
ces
100%
comète
100%
comète
100%
connais
100%
connais
100%
dans
100%
dans
100%
des
100%
disparaître
100%
d'une
100%
ekip
100%
ekip
100%
est
100%
et
100%
Et
100%
et
100%
fait
100%
frappe
100%
fume
100%
honnête
100%
jamais
100%
j'arrête
100%
j'deale
100%
J'fume
100%
j'me
100%
j'passe
100%
J'revends
100%
j'sais
100%
la
100%
la
100%
la
100%
la
100%
la
100%
la
100%
le
100%
l'GTI
100%
ma
100%
mère
100%
mère
100%
OG
100%
perds
100%
plus
100%
pommettes
100%
pute
100%
pute
100%
Couplet 2 (Ashe 22) Que
100%
qui
100%
réput'
100%
rougir
100%
sa
100%
sa
100%
sais
100%
sur
100%
tes
100%
t'fait
100%
titre
100%
tous
100%
tu
100%
tu
100%
tu
100%
visages
100%
vitesse
100%
beuh-beuh
50%
Aucun quiz correspondant
Distribution des résultats
% des personnes avec chaque résultat
Percentile par nombre de réponses
Votre historique - résultats
Vous n’avez pas pris ce quiz